000 00332nam a2200145 i 4500
001 bg
100 1 _aSCOTT, D. B.
245 0 _aMathematical Analysis an Introduction /
_cD.B. Scott.
260 _aCambridge,
_c1966.
040 _cBPK
041 _apol
080 _a517
942 _cKS
008 s pl f |000 0 pol
999 _c8515
_d8515
856 _uhttp://koha.tu.koszalin.pl/cgi-bin/koha/opac-detail.pl?biblionumber=8515
_yKatalog online BPK